000 00683nam a2200241 i 4500
001 C2-0294638
003 PPAK
005 20180728030328.0
008 090219s2007 xx a|||| ||||| | eng d
020 _a9783897902695
040 _aPPAK
_beng
_cPPAK
_erda
082 0 4 _a748.50282
_223
090 0 0 _a748.50282
_bHUB
_dR
100 1 _aHuber, Bernhard,
_eauthor
245 1 0 _aTransition glasprojekte
264 1 _bArnoldsche Art Publishers ,
_c2007
300 _a166 pages :
_bcolour illustrations ;
_c29 cm
336 _2rdacontent
_atext
337 _2rdamedia
_aunmediated
338 _2rdacarrier
_avolume
650 1 0 _aGlass painting and staining - Germany
942 _ddc
_cB
999 _c99259
_d99259